Minimaksnaja obrabotka informacii
Salvato in:
| Autore principale: | |
|---|---|
| Altri autori: | , |
| Natura: | Libro |
| Lingua: | russo |
| Pubblicazione: |
Moskva
Energoatomizdat
1990
|
| Edizione: | 1. izd. |
| Tags: |
Nessun Tag, puoi essere il primo ad aggiungerne!!
|
MARC
| LEADER | 00000nam a2200000 4500 | ||
|---|---|---|---|
| 001 | c031334 | ||
| 005 | 20221215134035.1 | ||
| 041 | 0 | |a rus | |
| 044 | |a RU | ||
| 245 | 1 | 0 | |a Minimaksnaja obrabotka informacii |c Oleg Michajlovič Kurkin, Jurij Borisovič Korobočkin, Sergej Aleksandrovič Šatalov |
| 250 | |a 1. izd. | ||
| 264 | 1 | |a Moskva |b Energoatomizdat |c 1990 | |
| 300 | |a 212 s. | ||
| 100 | 1 | |a Kurkin, Oleg Michajlovič | |
| 700 | 1 | |a Korobočkin, Jurij Borisovič | |
| 700 | 1 | |a Šatalov, Sergej Aleksandrovič | |